The nuclear taboo : (Record no. 11319)
[ view plain ]
| 000 -LEADER | |
|---|---|
| fixed length control field | 01566cam a22003497a 4500 |
| 001 - CONTROL NUMBER | |
| control field | 15258967 |
| 005 - DATE AND TIME OF LATEST TRANSACTION | |
| control field | 20080505145257.0 |
| 008 - FIXED-LENGTH DATA ELEMENTS--GENERAL INFORMATION | |
| fixed length control field | 080412s2007 enk b 001 0 eng |
| 010 ## - LIBRARY OF CONGRESS CONTROL NUMBER | |
| LC control number | 2008273078 |
| 015 ## - NATIONAL BIBLIOGRAPHY NUMBER | |
| National bibliography number | GBA553118 |
| Source | bnb |
| 016 7# - NATIONAL BIBLIOGRAPHIC AGENCY CONTROL NUMBER | |
| Record control number | 013226318 |
| Source | Uk |
| 020 ## - INTERNATIONAL STANDARD BOOK NUMBER | |
| International Standard Book Number | 9780521818865 (hbk.) |
| 020 ## - INTERNATIONAL STANDARD BOOK NUMBER | |
| International Standard Book Number | 9780521524285 (pbk.) |
| 035 ## - SYSTEM CONTROL NUMBER | |
| System control number | (OCoLC)ocn191751319 |
| 040 ## - CATALOGING SOURCE | |
| Original cataloging agency | UKM |
| Transcribing agency | UKM |
| Modifying agency | YDXCP |
| -- | BAKER |
| -- | EYE |
| -- | DLC |
| 042 ## - AUTHENTICATION CODE | |
| Authentication code | ukblcatcopy |
| -- | lccopycat |
| 050 00 - LIBRARY OF CONGRESS CALL NUMBER | |
| Classification number | UA23 |
| Item number | .T283 2007 |
| 082 04 - DEWEY DECIMAL CLASSIFICATION NUMBER | |
| Classification number | 355.02170973 |
| Edition number | 22 |
| Item number | TAN |
| 100 1# - MAIN ENTRY--PERSONAL NAME | |
| Personal name | Tannenwald, Nina. |
| 9 (RLIN) | 3768 |
| 245 14 - TITLE STATEMENT | |
| Title | The nuclear taboo : |
| Remainder of title | The United States and the non-use of nuclear weapons since 1945 / |
| Statement of responsibility, etc | Nina Tannenwald. |
| 260 ## - PUBLICATION, DISTRIBUTION, ETC. (IMPRINT) | |
| Place of publication, distribution, etc | Cambridge : |
| Name of publisher, distributor, etc | Cambridge University Press, |
| Date of publication, distribution, etc | c2007. |
| 300 ## - PHYSICAL DESCRIPTION | |
| Extent | xiii, 449 p. ; |
| Dimensions | 24 cm. |
| 440 #0 - | |
| -- | Cambridge studies in international relations ; |
| -- | 87 |
| -- | 3769 |
| 504 ## - BIBLIOGRAPHY, ETC. NOTE | |
| Bibliography, etc | Includes bibliographical references and index. |
| 650 #0 - SUBJECT ADDED ENTRY--TOPICAL TERM | |
| Topical term or geographic name as entry element | Nuclear weapons |
| General subdivision | Government policy |
| Geographic subdivision | United States. |
| 9 (RLIN) | 3770 |
| 856 42 - ELECTRONIC LOCATION AND ACCESS | |
| Materials specified | Contributor biographical information |
| Uniform Resource Identifier | <a href="http://www.loc.gov/catdir/enhancements/fy0834/2008273078-b.html">http://www.loc.gov/catdir/enhancements/fy0834/2008273078-b.html</a> |
| 856 42 - ELECTRONIC LOCATION AND ACCESS | |
| Materials specified | Publisher description |
| Uniform Resource Identifier | <a href="http://www.loc.gov/catdir/enhancements/fy0834/2008273078-d.html">http://www.loc.gov/catdir/enhancements/fy0834/2008273078-d.html</a> |
| 856 41 - ELECTRONIC LOCATION AND ACCESS | |
| Materials specified | Table of contents only |
| Uniform Resource Identifier | <a href="http://www.loc.gov/catdir/enhancements/fy0834/2008273078-t.html">http://www.loc.gov/catdir/enhancements/fy0834/2008273078-t.html</a> |
| 942 ## - ADDED ENTRY ELEMENTS (KOHA) | |
| Source of classification or shelving scheme | Dewey Decimal Classification |
| Item type | Book - Borrowing |
| Withdrawn status | Item status | Source of classification or shelving scheme | Damaged status | Not for loan | Vendor | Home library | Current library | Shelving location | Date acquired | Source of acquisition | Cost, normal purchase price | Serial Enumeration / chronology | Total Checkouts | Total Renewals | Full call number | Barcode | Date last seen | Date last borrowed | Koha item type |
|---|---|---|---|---|---|---|---|---|---|---|---|---|---|---|---|---|---|---|---|
| Dewey Decimal Classification | Alahram | Central Library | Central Library | First floor | 15/04/2009 | 208.00 | 7070 | 2 | 40 | 355.02170973 TAN | 000015547 | 15/07/2025 | 11/11/2014 | Book - Borrowing |